Normal view
MARC view
- Sipervisor: Dr. Muhammad Bilal Khan Niazi
Entry Personal Name
001 - CONTROL NUMBER
- control field: 129504
003 - CONTROL NUMBER IDENTIFIER
- control field: NUST
005 - DATE AND TIME OF LATEST TRANSACTION
- control field: 20250709122143.0
008 - FIXED-LENGTH DATA ELEMENTS
- fixed length control field: 250709|| aca||aabn | a|a d
040 ## - CATALOGING SOURCE
- Original cataloging agency: NUST
- Transcribing agency: NUST
100 ## - HEADING--PERSONAL NAME
- Personal name: Sipervisor: Dr. Muhammad Bilal Khan Niazi
670 ## - SOURCE DATA FOUND
- Source citation: Work cat.: (NUST)534479: Bahram Khan. 28636, Influence of Carboxylic Acids on Mechanical Properties of Thermoplastic Starch by Spray Drying /, 2015.
